| 000 | 00504cam a22002171 4500 | ||
|---|---|---|---|
| 001 | sa 66003419 | ||
| 003 | DLC | ||
| 005 | 20260227112235.0 | ||
| 008 | 920106s1963 ii 000 1 kano | ||
| 010 | _asa 66003419 | ||
| 035 | _a(OCoLC)25056090 | ||
| 040 |
_aDLC _cWaU _dDLC |
||
| 042 | _apremarc | ||
| 050 | 0 | 0 |
_aPL4658 _b.S7 |
| 245 | 0 | 0 | _aStrī caritre. |
| 260 | _c1963. | ||
| 300 |
_a274 p. _c19 cm. |
||
| 500 | _aIn Kannada. | ||
| 500 | _aShort stories. | ||
| 650 | 0 | _aShort stories, Kannada. | |
| 999 |
_c68881 _d68881 |
||